Sorrows of young werther and selected writings / (Record no. 200032)
[ view plain ]
| 000 -LEADER | |
|---|---|
| fixed length control field | 00722nam a2200229Ia 4500 |
| 003 - CONTROL NUMBER IDENTIFIER | |
| control field | OSt |
| 005 - DATE AND TIME OF LATEST TRANSACTION | |
| control field | 20250131100734.0 |
| 008 - FIXED-LENGTH DATA ELEMENTS--GENERAL INFORMATION | |
| fixed length control field | 210716s1962 xx 000 0 und d |
| 040 ## - CATALOGING SOURCE | |
| Transcribing agency | AIMIT LIBRARY |
| 041 ## - LANGUAGE CODE | |
| Language code of text/sound track or separate title | eng |
| 082 ## - DEWEY DECIMAL CLASSIFICATION NUMBER | |
| Classification number | 808.83 |
| Edition number | 1 |
| Item number | WOLJ |
| 100 ## - MAIN ENTRY--PERSONAL NAME | |
| Personal name | Goethe, Johann Wolfgang Von. |
| 9 (RLIN) | 196520 |
| 245 ## - TITLE STATEMENT | |
| Title | Sorrows of young werther and selected writings / |
| Statement of responsibility, etc. | By Johann Wolfgang Von Goethe. |
| 250 ## - EDITION STATEMENT | |
| Edition statement | 1st ed. |
| 260 ## - PUBLICATION, DISTRIBUTION, ETC. | |
| Place of publication, distribution, etc. | New York : |
| Name of publisher, distributor, etc. | Signet Books ; |
| Date of publication, distribution, etc. | 1962. |
| 300 ## - PHYSICAL DESCRIPTION | |
| Extent | 255p. ; |
| Other physical details | PB |
| Dimensions | 17 cm. |
| 650 ## - SUBJECT ADDED ENTRY--TOPICAL TERM | |
| Topical term or geographic name entry element | Reflections on werther |
| 9 (RLIN) | 196521 |
| 650 ## - SUBJECT ADDED ENTRY--TOPICAL TERM | |
| Topical term or geographic name entry element | Goethe in sesenheim |
| 9 (RLIN) | 196522 |
| 700 ## - ADDED ENTRY--PERSONAL NAME | |
| Personal name | Hutter, Catherine. |
| 9 (RLIN) | 196523 |
| 700 ## - ADDED ENTRY--PERSONAL NAME | |
| Personal name | Weigand, Hermann J. |
| 9 (RLIN) | 196524 |
| 942 ## - ADDED ENTRY ELEMENTS (KOHA) | |
| Source of classification or shelving scheme | Dewey Decimal Classification |
| Koha item type | Book |
| Edition | 1st ed. |
| Call number prefix | 808.83 WOLJ |
| Withdrawn status | Lost status | Source of classification or shelving scheme | Damaged status | Not for loan | Collection code | Home library | Current library | Date acquired | Inventory number | Total Checkouts | Full call number | Barcode | Date last seen | Price effective from | Koha item type |
|---|---|---|---|---|---|---|---|---|---|---|---|---|---|---|---|
| Dewey Decimal Classification | MBA | St Aloysius Institute of Management & Information Technology | St Aloysius Institute of Management & Information Technology | 07/16/2021 | Bill no:; Bill dt:1900-01-00 | 808.83 WOLJ | MBA02597 | 07/16/2021 | 07/16/2021 | Book |